Modern theology / (Record no. 9470)

MARC details
000 -LEADER
fixed length control field 00488cam a22001812 4500
001 - CONTROL NUMBER
control field 0000009948
005 - DATE AND TIME OF LATEST TRANSACTION
control field 20140825164400.0
008 - FIXED-LENGTH DATA ELEMENTS--GENERAL INFORMATION
fixed length control field 070119s1973 enk 000 0 eng d
020 ## - INTERNATIONAL STANDARD BOOK NUMBER
International Standard Book Number 0716202158 :
040 ## - CATALOGING SOURCE
Original cataloging agency PUL
050 ## - LIBRARY OF CONGRESS CALL NUMBER
Classification number BR85
Item number .B4188 1973
100 1# - MAIN ENTRY--PERSONAL NAME
Personal name Barth, Karl.
245 10 - TITLE STATEMENT
Title Modern theology /
Statement of responsibility, etc edited with an introd. and notes by E. J. Tinsley.
260 ## - PUBLICATION, DISTRIBUTION, ETC. (IMPRINT)
Place of publication, distribution, etc London :
Name of publisher, distributor, etc Epworth Press,
Date of publication, distribution, etc 1973]
300 ## - PHYSICAL DESCRIPTION
Extent 347 p. ;
Dimensions 20 cm.
650 #0 - SUBJECT ADDED ENTRY--TOPICAL TERM
Topical term or geographic name as entry element Theology.
908 ## - PUT COMMAND PARAMETER (RLIN)
Put command parameter 070119
Holdings
Withdrawn status Lost status Source of classification or shelving scheme Damaged status Not for loan Home library Current library Date acquired Source of acquisition Total Checkouts Full call number Barcode Date last seen Price effective from Koha item type Date checked out
    Library of Congress Classification     Presbyterian University of East Africa - Main Library Presbyterian University of East Africa - Main Library 26/12/2012 DON   BR85 .B4188 1973 020020011504 26/12/2012 26/12/2012 General circulation books  
    Library of Congress Classification     Presbyterian University of East Africa - Main Library Presbyterian University of East Africa - Main Library 26/12/2012   1 BR85 .B4188 1973 020020011505 20/09/2019 26/12/2012 General circulation books 20/09/2019
© Customized & Maintained by Eunice Ngesa